Využitie majetkových cenných papierov ako zdroj financovania podnikových aktivít vo vybranom podniku bakalárska práca

Saved in:
Bibliographic Details
Main Author: Panócová, Veronika
Corporate Author: Podnikovohospodárska fakulta EU so sídlom v Košiciach. Katedra finančného riadenia podniku
Other Authors: Sieber, Jakub, 1992-
Format: Book
Language:Slovak
Published: Košice 2022
Tags: Add Tag
No Tags, Be the first to tag this record!

MARC

LEADER 00000nbm a2200000 4500
001 0287385
005 20230504143522.0
041 0 |a slo 
044 |a SK 
245 1 0 |a Využitie majetkových cenných papierov ako zdroj financovania podnikových aktivít vo vybranom podniku  |b bakalárska práca  |c Veronika Panócová ; školiteľ: Jakub Sieber 
264 1 |a Košice  |c 2022 
300 |a 50 s. 
100 1 |a Panócová, Veronika 
700 1 |a Sieber, Jakub, 1992- 
710 2 |a Podnikovohospodárska fakulta EU so sídlom v Košiciach. Katedra finančného riadenia podniku